[Event "Challenge"]
[Site "http://www.queenalice.com/game.php?id=628406"]
[Date "2009.8.1"]
[Round "-"]
[White "devagar"]
[Black "brucesanchez"]
[Result "1-0"]
[WhiteElo "1827"]
[BlackElo "1500"]

1. e4 e5 2. Nf3 Nc6 3. d4 d5 4. exd5 Qxd5 5. c4 Qd8 6. d5 e4 7. Nfd2 Ne5 8. Nxe4
Nf6 9. Bg5 Be7 10. Bxf6 Bxf6 11. Nxf6+ Qxf6 12. Nc3 O-O 13. Be2 Re8 14. O-O a6
15. Ne4 Qb6 16. Qc2 Bf5 17. c5 Qg6 18. f3 Rad8 19. Rad1 Nd7 20. Qc3 Bxe4 21.
fxe4 Rxe4 22. Bd3 1-0

[Event "Challenge"]
[Site "http://www.queenalice.com/game.php?id=628477"]
[Date "2009.8.1"]
[Round "-"]
[White "devagar"]
[Black "brucesanchez"]
[Result "0-1"]
[WhiteElo "1903"]
[BlackElo "1464"]

1. e4 e5 2. Nf3 Nf6 3. d4 d5 4. dxe5 Nxe4 5. Bd3 Nc6 6. O-O Bg4 7. Bxe4 dxe4 8.
Qxd8+ Rxd8 9. Bg5 exf3 10. Bxd8 fxg2 11. Kxg2 Nxd8 12. Nc3 Bc5 13. Nd5 Ne6 14.
b4 Bd4 15. Rae1 O-O 16. c3 Bb6 17. Nxb6 cxb6 18. f4 f5 19. exf6 Rxf6 20. Kg3 Bf5
21. Re5 Rg6+ 22. Kf3 Bg4+ 23. Ke3 Nc7 24. f5 Rc6 25. Kf4 Bh5 26. Kg5 Bf7 27. f6
gxf6+ 28. Rxf6 Rxf6 29. Kxf6 Bxa2 30. Ke7 Bb1 31. b5 Bd3 32. Rg5+ Kh8 33. Kf7
Bc4+ 34. Ke7 Nxb5 35. Rg3 Nc7 36. Kd7 Nb5 37. Kc8 Bd5 38. h4 a5 39. Rg5 Nxc3 40.
h5 b5 41. h6 b4 42. Rg3 a4 43. Kc7 a3 0-1

[Event "Challenge"]
[Site "http://www.queenalice.com/game.php?id=637908"]
[Date "2009.8.17"]
[Round "-"]
[White "Dorges"]
[Black "brucesanchez"]
[Result "1-0"]
[WhiteElo "1715"]
[BlackElo "1464"]

1. e4 e5 2. Nf3 Nf6 3. Nc3 d6 4. d4 Nbd7 5. d5 Be7 6. Bc4 O-O 7. Be3 c5 8. dxc6
bxc6 9. O-O c5 10. a3 Nb6 11. Bb5 Bb7 12. Nd2 a6 13. Bd3 Rc8 14. Qf3 d5 15. exd5
Nbxd5 16. Nxd5 Bxd5 17. Qg3 Qd6 18. Bh6 Nh5 19. Qe3 gxh6 20. Nc4 Bxc4 21. Bxc4
Bg5 22. Qe4 Nf6 23. Qf5 Rfd8 24. Rad1 Qxd1 25. Rxd1 Rxd1+ 26. Bf1 Re8 27. g3 Nd7
28. Kg2 a5 29. Bd3 Nf8 30. h4 Bc1 31. Qg4+ Kh8 32. Qxd1 Bxb2 33. Qf3 Re7 34.
Qf6+ 1-0

[Event "Challenge"]
[Site "http://www.queenalice.com/game.php?id=640026"]
[Date "2009.8.21"]
[Round "-"]
[White "Dorges"]
[Black "brucesanchez"]
[Result "1-0"]
[WhiteElo "1723"]
[BlackElo "1427"]

1. e4 c5 2. Nf3 Nc6 3. Nc3 Nf6 4. d3 e5 5. Bg5 Be7 6. Be2 a6 7. O-O b5 8. Bxf6
Bxf6 9. Nd5 O-O 10. a3 d6 11. c4 Rb8 12. cxb5 axb5 13. Qc2 Be6 14. Nxf6+ Qxf6
15. Qd2 d5 16. Rac1 Nd4 17. Nxd4 cxd4 18. exd5 Bxd5 19. Rc5 Qe6 20. Rfc1 Bb7 21.
Rxb5 Qg6 22. f3 f6 23. Qd1 Qf7 24. Qb3 Qxb3 25. Rxb3 Bd5 26. Rxb8 Rxb8 27. Rc5
Rxb2 28. Kf2 Be6 29. a4 Ra2 30. Ra5 Bd7 31. Ra8+ Kf7 32. a5 Bb5 33. g4 g5 34.
Ra7+ 1-0

[Event "Challenge"]
[Site "http://www.queenalice.com/game.php?id=730465"]
[Date "2010.2.12"]
[Round "-"]
[White "brucesanchez"]
[Black "amarkin"]
[Result "1-0"]
[WhiteElo "1569"]
[BlackElo "2049"]

1. e4 c5 2. Nf3 d6 3. Bc4 Nc6 4. c3 e6 5. d3 Be7 6. O-O Nf6 7. Bf4 O-O 8. Re1
Na5 9. Nbd2 a6 10. e5 Ne8 11. d4 Nxc4 12. Nxc4 d5 13. Ne3 b5 14. dxc5 Bxc5 15.
b4 Bb6 16. Rc1 Bb7 17. Nd4 Rc8 18. Qg4 g6 19. h4 h5 20. Qg3 Kh8 21. Bg5 Qd7 22.
Nf1 Ng7 23. Qd3 Bxd4 24. cxd4 Nf5 25. Rc5 Rc6 26. Ng3 Re8 27. Nxf5 exf5 28. Qd2
Ree6 29. Bf6+ Kg8 30. Qh6 Rxf6 31. exf6 Rxf6 32. Rc7 Qd8 33. Rxb7 Qc8 34. Rbe7
Re6 35. R1xe6 1-0

[Event "AUTO-INT-1651"]
[Site "http://www.queenalice.com/game.php?id=750679"]
[Date "2010.3.23"]
[Round "1"]
[White "brucesanchez"]
[Black "Wedley"]
[Result "1-0"]
[WhiteElo "1598"]
[BlackElo "1315"]

1. e4 e5 2. Nf3 d6 3. d4 Nf6 4. Nc3 b6 5. Bc4 Be6 6. Bb3 g6 7. dxe5 dxe5 8.
Qxd8+ Kxd8 9. Bxe6 fxe6 10. Nxe5 Ke8 11. Nb5 Na6 12. f3 Bc5 13. Bh6 Nb4 14.
O-O-O c6 15. Nc7+ Ke7 16. Nxa8 Rxa8 17. Bg5 Nxa2+ 18. Kb1 Nb4 19. Rd7+ Ke8 20.
Bxf6 a5 21. Rhd1 1-0

[Event "AUTO-INT-1651"]
[Site "http://www.queenalice.com/game.php?id=750680"]
[Date "2010.3.23"]
[Round "1"]
[White "Wedley"]
[Black "brucesanchez"]
[Result "0-1"]
[WhiteElo "1319"]
[BlackElo "1589"]

1. e3 e5 2. Nf3 Nc6 3. b3 d5 4. Nc3 Bg4 5. h3 Bh5 6. g4 Bg6 7. h4 h5 8. Ng5 hxg4
9. f3 Be7 10. fxg4 Bxg5 11. hxg5 Rxh1 12. Qe2 Qxg5 13. Nxd5 O-O-O 14. e4 Nd4 15.
Qc4 Qh4+ 16. Kd1 Qxg4+ 17. Ke1 Qg3+ 18. Kd1 Bh5+ 0-1

[Event "AUTO-INT-1651"]
[Site "http://www.queenalice.com/game.php?id=750681"]
[Date "2010.3.23"]
[Round "1"]
[White "brucesanchez"]
[Black "Checker"]
[Result "1-0"]
[WhiteElo "1538"]
[BlackElo "1612"]

1. e4 d6 2. Nf3 e5 3. Bc4 Be7 4. Nc3 c6 5. d4 b5 6. Bb3 exd4 7. Nxd4 Nf6 8. a3
a6 9. O-O g6 10. Nf3 Bb7 11. Bf4 c5 12. Re1 O-O 13. Nd5 Nxd5 14. Bxd5 Bxd5 15.
Qxd5 Ra7 16. Bh6 Re8 17. e5 Rd7 18. e6 fxe6 19. Qxe6+ Kh8 20. Ne5 Bf6 21. Nf7+
Rxf7 22. Qxe8+ Rf8 23. Bxf8 Qxe8 24. Rxe8 Kg8 25. Rxb8 1-0

[Event "AUTO-INT-1651"]
[Site "http://www.queenalice.com/game.php?id=750682"]
[Date "2010.3.23"]
[Round "1"]
[White "Checker"]
[Black "brucesanchez"]
[Result "1-0"]
[WhiteElo "1597"]
[BlackElo "1569"]

1. e4 e5 2. Nf3 Nc6 3. Bc4 Bc5 4. c3 Nf6 5. b4 Bb6 6. Qe2 O-O 7. a4 a6 8. a5 Ba7
9. d3 d6 10. h3 h6 11. g4 d5 12. exd5 Nxd5 13. Nxe5 Re8 14. d4 Bxd4 15. cxd4
Nxd4 16. Qe4 Nf6 17. Qd3 Rxe5+ 18. Be3 Be6 19. O-O 1-0

[Event "Challenge"]
[Site "http://www.queenalice.com/game.php?id=755476"]
[Date "2010.4.2"]
[Round "-"]
[White "pacomar16"]
[Black "brucesanchez"]
[Result "0-1"]
[WhiteElo "1378"]
[BlackElo "1575"]

1. e4 e5 2. Qh5 Nf6 3. Qxe5+ Be7 4. Nc3 Nc6 5. Qg3 O-O 6. d3 Bd6 7. Qf3 Nd4 8.
Qd1 Bb4 9. a3 Bxc3+ 10. bxc3 Nb5 11. Bb2 c5 12. c4 Nd4 13. Bc1 b5 14. cxb5 d5
15. c3 Nxb5 16. c4 dxc4 17. dxc4 Qxd1+ 18. Kxd1 Rd8+ 19. Ke2 Nd4+ 20. Ke3 Nc2+
21. Kf3 Nxa1 22. e5 Bg4+ 23. Kg3 Ne4+ 24. Kxg4 Nxf2+ 25. Kf3 Nxh1 26. Bb2 Rd2
27. Bc3 Rf2+ 28. Ke3 Nc2+ 29. Kd3 Rd8+ 30. Ke4 Rxf1 31. Ne2 Rf2 32. Nc1 Rxg2 33.
Nb3 Re2+ 34. Kf3 Re3+ 35. Kg2 Rxc3 36. Nxc5 Nxa3 37. Kxh1 Rd2 0-1

[Event "Challenge"]
[Site "http://www.queenalice.com/game.php?id=819679"]
[Date "2010.8.17"]
[Round "-"]
[White "brucesanchez"]
[Black "FRANKENSTEIN_"]
[Result "0-1"]
[WhiteElo "1680"]
[BlackElo "1656"]

1. e4 e5 2. Nf3 Nc6 3. Bc4 h6 4. O-O d6 5. c3 Nf6 6. d3 Bg4 7. h3 Bh5 8. g4 Bg6
9. Nh4 Bh7 10. Qb3 d5 11. Qxb7 dxc4 12. Qxc6+ Nd7 13. Nf3 Bd6 14. Qxc4 O-O 15.
Be3 Kh8 16. Qa6 Qf6 17. Nbd2 c5 0-1

[Event "AUTO-INT-1651"]
[Site "http://www.queenalice.com/game.php?id=820236"]
[Date "2010.8.19"]
[Round "2"]
[White "Checker"]
[Black "brucesanchez"]
[Result "0-1"]
[WhiteElo "1618"]
[BlackElo "1660"]

1. e4 e5 2. Bc4 Nf6 3. Nc3 Nc6 4. d3 Bc5 5. Nf3 O-O 6. O-O d6 7. h3 Be6 8. Bxe6
fxe6 9. Ng5 Qd7 10. Na4 Bb6 0-1

[Event "AUTO-INT-1651"]
[Site "http://www.queenalice.com/game.php?id=820237"]
[Date "2010.8.19"]
[Round "2"]
[White "brucesanchez"]
[Black "Checker"]
[Result "1-0"]
[WhiteElo "1676"]
[BlackElo "1618"]

1. e4 c5 2. Nf3 d6 3. Bb5+ Bd7 4. Bxd7+ Nxd7 5. O-O Ngf6 6. Nc3 e5 7. d3 h6 8.
Nd2 Be7 9. Qf3 Nb6 10. a4 a5 11. Re1 1-0

[Event "AUTO-INT-1651"]
[Site "http://www.queenalice.com/game.php?id=820245"]
[Date "2010.8.19"]
[Round "2"]
[White "henschel"]
[Black "brucesanchez"]
[Result "1-0"]
[WhiteElo "2132"]
[BlackElo "1691"]

1. d4 d5 2. Bf4 Nf6 3. Nc3 Bf5 4. Nf3 e6 5. a3 Bd6 6. Bxd6 cxd6 7. e3 O-O 8. Bd3
Bg4 9. O-O Nc6 10. h3 Bh5 11. Rc1 a6 12. Re1 Qb6 13. Rb1 1-0